000 00565nam a2200241 a 4500
001 nice12345678
003 IN_TiNIC
005 20260116011313.0
008 050524s0000 lona grp 000 0 eng
020 _a
_c100
082 0 0 _a297.4
_bNIC4
100 _aNicholson, R A
245 _aTales of Mystic Meaning
260 _aLondon
_bChapman and Hall Ltd.
_c0000
300 _a171p
500 _aincludes index and biblioraphy
505 2 _aIndex
650 _aSufism-Rumi
700 1 _aNicholson, R A
902 _bSRS
942 _cBK
999 _c331
_d331